000 01374cam a2200421 i 4500
999 _c8254
_d8254
001 18470282
003 OSt
005 20190926131346.0
007 ta
008 140426r20141893ii b 000 0 eng d
010 _a 2014360905
020 _a9789351480136
020 _a9351480135
025 _aI-E-2014-360905; 13-90
035 _a(OCoLC)ocn889861122
035 _a(OCoLC)889861122
037 _bLibrary of Congress -- New Delhi Overseas Office
040 _aDKAGE
_beng
_erda
_cDKAGE
_dDLC
042 _alccopycat
_alcode
043 _aa-ii---
050 0 0 _aBL2001
_b.R6 2014
082 0 4 _a200.954
_223
_bR667H
100 1 _aRobson, John,
_d1836-1908,
_eauthor.
245 1 0 _aHinduism and its relations to Christianity /
_cJohn Robson.
264 1 _aNew Delhi :
_bChristian World Imprints,
_c2014.
300 _axv, 270 pages ;
_c22 cm.
336 _atext
_btxt
_2rdacontent
337 _aunmediated
_bn
_2rdamedia
338 _avolume
_bnc
_2rdacarrier
490 0 _aInterfaith studies revived ;
_v2
500 _aReprint of: New ed. Edinburgh : Oliphant, Anderson & Ferrier, 1893.
650 0 _aHinduism
_xRelations
_xChristianity.
650 0 _aChristianity and other religions
_xHinduism.
651 0 _aIndia
_xReligion.
906 _a7
_bcbc
_ccopycat
_d3
_encip
_f20
_gy-gencatlg
942 _2ddc
_cBK